[Event "Druzynowe Mistrzostwa Polski Juniorow - Ekstraliga"]
[Site "Osrodek Wczasowo - Szkoleniowy "Relax" ul. Stroma 20, 43-450 Ustron"]
[Date "2011-06-27"]
[Round "3.23"]
[White "Chenska, Karolina"]
[Black "Rudol, Maria"]
[Result "1-0"]
[WhiteTitle "I"]
[BlackTitle "II"]
[WhiteElo "1662"]
[BlackElo "1462"]

1. e4 e5 2. Nf3 Nc6 3. Bb5 Nge7 4. Nc3 g6 5. d4 exd4 6. Nd5 Bg7 7. Bg5 f6 8. Bxf6
Bxf6 9. Nxf6+ Kf7 10. Ng4 d6 11. h3 Re8 12. O-O Kg7 13. Nxd4 Bxg4 14. hxg4 Qd7
15. c3 a6 16. Ba4 Rf8 17. Bb3 Nxd4 18. Qxd4+ Kh6 19. g5+ Kxg5 20. f4+ Kh6 21.
Rf3 g5 22. Rh3+ Kg6 23. f5+ Nxf5 24. exf5+ Qxf5 25. Rc1 Qe5 26. Bc2+ Kf6 27. Rf1+
Kg7 28. Rxh7+ Kg8 29. Rxf8+ Rxf8 30. Qxe5 dxe5 31. Rxc7 Re8 32. Kf2 g4 33. Rxb7
Rf8+ 34. Ke2 g3 35. Bb3+ Kh8 36. Rf7 1-0

[Event "Druzynowe Mistrzostwa Polski Juniorow - Ekstraliga"]
[Site "Osrodek Wczasowo - Szkoleniowy "Relax" ul. Stroma 20, 43-450 Ustron"]
[Date "2011-06-27"]
[Round "3.24"]
[White "Rudol, Matylda"]
[Black "Lachowicz, Judyta"]
[Result "0-1"]
[WhiteTitle "II"]
[BlackTitle "I"]
[WhiteElo "1466"]
[BlackElo "1695"]

1. b4 d5 2. Bb2 Nf6 3. Nf3 Bg4 4. e3 Nbd7 5. h3 Bxf3 6. Qxf3 e5 7. a3 Bd6 8. c4
c6 9. Nc3 e4 10. Qd1 Be5 11. d4 Bc7 12. Rc1 Rc8 13. c5 a5 14. Be2 Ra8 15. b5 Nf8
16. O-O Ng6 17. f3 Qe7 18. fxe4 Nxe4 19. Nxe4 Qxe4 20. Qb3 O-O 21. Rce1 Nh4 22.
Bf3 Qg6 23. bxc6 bxc6 24. Bc1 Qg3 25. Re2 Qh2+ 26. Kf2 Bg3# 0-1

[Event "Druzynowe Mistrzostwa Polski Juniorow - Ekstraliga"]
[Site "Osrodek Wczasowo - Szkoleniowy "Relax" ul. Stroma 20, 43-450 Ustron"]
[Date "2011-06-27"]
[Round "3.25"]
[White "Klepaczka, Tomasz"]
[Black "Matuszewski, Michal"]
[Result "0-1"]
[WhiteTitle "I++"]
[BlackTitle "m"]
[WhiteElo "2119"]
[BlackElo "2319"]

1. e4 c5 2. Nc3 d6 3. g3 g6 4. Bg2 Nc6 5. d3 Bg7 6. Be3 Rb8 7. Nge2 b5 8. Qd2 Nd4
9. O-O Bd7 10. f4 b4 11. Nd1 Qb6 12. c3 Nxe2+ 13. Qxe2 Nf6 14. e5 Ng4 15. cxb4
Nxe3 16. Nxe3 cxb4 17. Kh1 dxe5 18. Nd5 Qd8 19. fxe5 O-O 20. Nf4 e6 21. Qe4 Bb5
22. Rfd1 Ba6 23. d4 Bb7 24. Qe3 Bxg2+ 25. Kxg2 Qb6 26. Rd3 Rbc8 27. Rad1 Rfd8
28. R1d2 a5 29. Qe4 Rc4 30. Kf3 Bh6 31. h4 a4 32. g4 a3 33. b3 Rc3 34. g5 Rxd4
35. Qe3 Qc6+ 36. Kg4 Rdxd3 37. Rxd3 Bf8 38. Ne2 Qg2+ 39. Ng3 h5+ 40. gxh6 Bxh6
41. Qd4 Qxa2 42. Qd8+ Bf8 43. Rd2 Qb1 44. Qf6 Qg1 45. Qf4 Rxb3 0-1

[Event "Druzynowe Mistrzostwa Polski Juniorow - Ekstraliga"]
[Site "Osrodek Wczasowo - Szkoleniowy "Relax" ul. Stroma 20, 43-450 Ustron"]
[Date "2011-06-27"]
[Round "3.26"]
[White "Matuszczyk, Przemyslaw"]
[Black "Budzinski, Jan"]
[Result "1/2-1/2"]
[WhiteTitle "I++"]
[BlackTitle "I"]
[WhiteElo "2032"]
[BlackElo "1960"]

1. e4 e6 2. d4 d5 3. Nd2 dxe4 4. Nxe4 Nd7 5. Nf3 Ngf6 6. Bg5 Be7 7. Ng3 h6 8. Bxf6
Bxf6 9. c3 O-O 10. Ne4 Qe7 11. Bd3 c5 12. dxc5 Nxc5 13. Bc2 Nxe4 14. Bxe4 Rb8
15. O-O g6 16. Qe2 Bg7 17. Rfe1 Qc5 18. Bc2 b5 19. Ne5 a5 20. Rad1 Qc7 21. f4
b4 22. c4 Ra8 23. Kh1 Bxe5 24. fxe5 Bb7 25. Rd6 Rac8 26. b3 Qe7 27. Qd2 Qh4 28.
Rd1 Rc5 29. Qe3 Qg5 30. Qxg5 hxg5 31. Re1 Rfc8 32. Kg1 Kf8 33. Kf2 Ke7 34. Rd4
Rd8 35. Rxd8 Kxd8 36. Be4 Bxe4 37. Rxe4 a4 38. Ke3 axb3 39. axb3 Ra5 40. Kd4 Kd7
41. Re2 Kc6 42. Rf2 Ra7 43. Ke4 Kc5 44. g3 Kc6 45. Rd2 Ra3 46. Rd3 1/2-1/2

[Event "Druzynowe Mistrzostwa Polski Juniorow - Ekstraliga"]
[Site "Osrodek Wczasowo - Szkoleniowy "Relax" ul. Stroma 20, 43-450 Ustron"]
[Date "2011-06-27"]
[Round "3.27"]
[White "Osinski, Emil"]
[Black "Cieslak, Patrycjusz"]
[Result "1-0"]
[WhiteTitle "II"]
[BlackTitle "II"]
[WhiteElo "1685"]
[BlackElo "1734"]

1. e4 e5 2. Nf3 Nc6 3. Bb5 a6 4. Ba4 Nf6 5. O-O Be7 6. Re1 b5 7. Bb3 O-O 8. c3
d6 9. d3 Bg4 10. Nbd2 Na5 11. Bc2 c5 12. h3 Bh5 13. Nf1 Nc6 14. Ng3 Bxf3 15. Qxf3
b4 16. Ba4 Rc8 17. Nf5 a5 18. Bh6 Ne8 19. Qg4 Bf6 20. Be3 Kh8 21. Rac1 g6 22.
Ng3 Bg7 23. Bxc6 Rxc6 24. c4 Rc7 25. Qe2 f5 26. exf5 gxf5 27. f4 Rcf7 28. Nh5
Qe7 29. Rc2 Nc7 30. Qf2 Re8 31. Nxg7 Rxg7 32. fxe5 Qxe5 33. Rce2 Qf6 34. Rf1 Rf8
35. Bf4 Rg6 36. Rfe1 Rfg8 37. Qf3 Qg7 38. g3 Qd4+ 39. Kh2 Qf6 40. Qb7 R6g7 41.
Qc6 Rd8 42. Be5 Qxe5 43. Rxe5 dxe5 44. Rxe5 Rxd3 45. Rxf5 Kg8 46. Qf6 h6 47. Qf8+
Kh7 48. Rf7 Rdxg3 49. Rxg7+ Rxg7 50. Qxc5 Ne6 51. Qf5+ Rg6 52. Qxa5 Ng5 53. Qf5
Ne6 54. c5 b3 55. axb3 Ng7 56. Qe4 Ne6 57. c6 Nc7 58. b4 h5 59. Qf5 h4 60. b5
Ne6 61. b6 Ng7 62. Qxg6+ 1-0

[Event "Druzynowe Mistrzostwa Polski Juniorow - Ekstraliga"]
[Site "Osrodek Wczasowo - Szkoleniowy "Relax" ul. Stroma 20, 43-450 Ustron"]
[Date "2011-06-27"]
[Round "3.28"]
[White "Koziol, Kamil"]
[Black "Osinski, Kamil"]
[Result "1-0"]
[WhiteTitle "II"]
[BlackTitle "II+"]
[WhiteElo "1768"]
[BlackElo "1708"]

1. e4 c5 2. Nf3 Nc6 3. d4 cxd4 4. Nxd4 Nf6 5. Nc3 e6 6. Ndb5 d6 7. Bf4 e5 8. Bg5
a6 9. Na3 b5 10. Nd5 Be7 11. Bxf6 Bxf6 12. c3 O-O 13. Nc2 Bg5 14. a4 bxa4 15.
Rxa4 a5 16. Bc4 Ne7 17. Nce3 Bxe3 18. Nxe3 Rb8 19. b3 Qb6 20. O-O Bb7 21. Qd3
Rfd8 22. Rfa1 Ra8 23. Nd5 Bxd5 24. Bxd5 Rab8 25. Bc4 Nc6 26. Qd5 Rd7 27. g3 Qc5
28. Qd3 Rdb7 29. Kg2 g6 30. h4 Kg7 31. Qf3 Rf8 32. g4 h6 33. Rd1 Ne7 34. Ra2 Rd7
35. g5 hxg5 36. hxg5 f5 37. gxf6+ Rxf6 38. Qh3 Rd8 39. Rh1 Rff8 40. Qh7+ Kf6 41.
Rh3 d5 42. Qh4+ Ke6 43. exd5+ Kd6 44. b4 axb4 45. cxb4 Qxb4 46. Ra6+ Kc5 47. Qxe7+
Kxc4 48. Rc6+ Kxd5 49. Qxb4 Kxc6 50. Rc3+ Kd7 51. Rd3+ Ke6 52. Qb6+ Ke7 53. Qc7+
1-0

[Event "Druzynowe Mistrzostwa Polski Juniorow - Ekstraliga"]
[Site "Osrodek Wczasowo - Szkoleniowy "Relax" ul. Stroma 20, 43-450 Ustron"]
[Date "2011-06-27"]
[Round "3.29"]
[White "Tarnowska, Aleksandra"]
[Black "Krupa, Anna"]
[Result "1-0"]
[WhiteTitle "I"]
[BlackTitle "I++"]
[WhiteElo "1814"]
[BlackElo "1899"]

1. e4 c5 2. f4 d6 3. Nf3 g6 4. Nc3 Bg7 5. Bc4 Nc6 6. O-O e6 7. d3 Nge7 8. Bd2 O-O
9. a4 Nd4 10. Rc1 a6 11. Nxd4 cxd4 12. Ne2 Bd7 13. a5 Bc6 14. Bb3 b6 15. Qe1 Bb7
16. Rf3 Nc6 17. axb6 Qxb6 18. g4 Qd8 19. Rh3 Qe7 20. g5 f6 21. Qh4 Kf7 22. f5
Bc8 23. Qxh7 Ne5 24. Qh4 Rh8 25. Qg3 Rxh3 26. Qxh3 Bd7 27. Nxd4 Rh8 28. Qg3 gxf5
29. exf5 d5 30. Rf1 Ke8 31. fxe6 Bxe6 32. Nxe6 Qxe6 33. d4 Rh3 34. Qf4 fxg5 35.
Ba4+ Kd8 36. Qxg5+ Kc8 37. Ba5 Nf3+ 38. Rxf3 Bxd4+ 39. Kh1 Bb6 40. Rf8+ 1-0

[Event "Druzynowe Mistrzostwa Polski Juniorow - Ekstraliga"]
[Site "Osrodek Wczasowo - Szkoleniowy "Relax" ul. Stroma 20, 43-450 Ustron"]
[Date "2011-06-27"]
[Round "3.30"]
[White "Konopacka, Martyna"]
[Black "Szymczak, Paula"]
[Result "1/2-1/2"]
[WhiteTitle "II+"]
[BlackTitle "I"]
[WhiteElo "1646"]
[BlackElo "1705"]

1. e4 c5 2. Nc3 Nc6 3. Bc4 e6 4. f4 Nge7 5. Bb3 Qc7 6. d3 Na5 7. Qe2 Nxb3 8. axb3
Nc6 9. Nf3 Be7 10. O-O O-O 11. Kh1 Qd8 12. Qf2 d5 13. Bd2 b6 14. Rad1 Nb4 15.
Bc1 Bb7 16. exd5 Nxd5 17. Nxd5 Bxd5 18. Be3 Qc7 19. c4 Bb7 20. d4 cxd4 21. Nxd4
a6 22. f5 e5 23. Qg3 Bf6 24. Bg5 Bxg5 25. Qxg5 f6 26. Qg3 Rfd8 27. h4 Qf7 28.
Ne6 Rxd1 29. Rxd1 Re8 30. Rd6 Bc8 31. Qh3 g6 32. Qd3 Bxe6 33. fxe6 Rxe6 34. Rxb6
e4 35. Rb8+ Kg7 36. Qe3 f5 37. g3 Re7 38. Ra8 Qf6 39. Kh2 Qxb2+ 40. Kh3 Qa1 41.
Kg2 Qf6 42. Ra7 h6 43. Rxe7+ Qxe7 44. c5 g5 45. hxg5 hxg5 46. c6 Qd8 47. Qc3+
Kf7 48. Qc4+ Ke7 49. Qxa6 Qd2+ 50. Kg1 e3 51. Qa7+ Kf6 52. Qa1+ Kg6 53. c7 Qf2+
54. Kh1 Qf3+ 55. Kh2 Qf2+ 56. Kh1 e2 57. Qa6+ Kh5 58. Qxe2+ Qxe2 59. c8=Q Qf1+
60. Kh2 Qf2+ 1/2-1/2